Castle Crashers Bosses - Statistics

General Stats
  • This quiz has been taken 71 times
  • The average score is 13 of 20
Answer Stats
Hint Answer % Correct
2 Barbarian
94%
19 Necromancer
87%
17 Painter
85%
4 Catfish
80%
9 Cyclops
80%
11 Dragon
80%
14 Corn
78%
15 Medusa
78%
20 Evil Wizard
74%
10 Volcano
67%
18 Undead Cyclops
63%
5 Bear
61%
3 Troll Mother
59%
6 Pipistrello
57%
1 War Machine
57%
8 Giant Troll
56%
16 Frost King
54%
7 Conehead Groom
48%
13 UFO
43%
12 Industrial Machine
41%
No matching quizzes found
Score Distribution
Percent of People with Each Score
Percentile by Number Answered
Your Score History
You have not taken this quiz